|
|
|
|
| LEADER |
00000nam0a2200000 4500 |
| 001 |
285104 |
| 005 |
20231101235748.0 |
| 035 |
|
|
|a (RuTPU)RU\TPU\book\309307
|
| 090 |
|
|
|a 285104
|
| 100 |
|
|
|a 20150220d1984 k y0rusy5003 ca
|
| 101 |
0 |
|
|a rus
|
| 102 |
|
|
|a RU
|
| 105 |
|
|
|a a z 001zy
|
| 200 |
1 |
|
|a Совершенствование методов расчета и повышение надежности железобетонных конструкций
|e межвузовский сборник
|f Ростовский инженерно-строительный институт
|
| 210 |
|
|
|a Ростов-на-Дону
|c [Б. и.]
|d 1984
|
| 215 |
|
|
|a 145, 10 с.
|c ил.
|
| 320 |
|
|
|a Библиография в конце статей
|
| 606 |
1 |
|
|a Железобетонные конструкции
|x Расчет,проектирование,конструирование
|2 stltpush
|3 (RuTPU)RU\TPU\subj\10663
|9 37703
|
| 610 |
1 |
|
|a надежность
|
| 610 |
1 |
|
|a железобетонные балки
|
| 610 |
1 |
|
|a предельное состояние
|
| 610 |
1 |
|
|a прочность
|
| 610 |
1 |
|
|a деформативность
|
| 610 |
1 |
|
|a трещиностойкость
|
| 675 |
|
|
|a 624.012.45.04
|z rus
|v 4
|
| 712 |
0 |
2 |
|a Ростовский инженерно-строительный институт
|2 stltpush
|3 (RuTPU)RU\TPU\col\10045
|9 24785
|
| 801 |
|
0 |
|a RU
|b RuMRKP
|c 19950704
|g psbo
|
| 801 |
|
1 |
|a RU
|b 63413507
|c 20150220
|
| 801 |
|
2 |
|a RU
|b 63413507
|c 20171204
|g RCR
|
| 942 |
|
|
|c BK
|